[Event "2. Bundesliga Ost 2007/2008"]
[Site "20-21.10.Bruck,30.11-2.12.Bade"]
[Date "2008.02.16"]
[Round "8.3"]
[White "Janetschek, Karl"]
[Black "Wiedner, Robert"]
[Result "0-1"]
[WhiteElo "2256"]
[BlackElo "2197"]
[PlyCount "74"]
[EventDate "2007.10.20"]

1. e4 g6 2. d4 Bg7 3. Nc3 c6 4. Nf3 d6 5. h3 Nd7 6. a4 Nf8 7. Bc4 h6 8. Be3 g5
9. Ne2 Nf6 10. Ng3 Ng6 11. e5 Nd5 12. Nh5 O-O 13. Nxg7 Kxg7 14. h4 g4 15. h5
Nxe3 16. fxe3 gxf3 17. Qxf3 Nxe5 18. dxe5 Qa5+ 19. Ke2 Qxe5 20. Rh4 Bf5 21. Rf4
e6 22. Rf1 Kh8 23. g4 Bxc2 24. Rxf7 Rxf7 25. Qxf7 Qxb2 26. Qf6+ Qxf6 27. Rxf6
Kg7 28. Rxe6 d5 29. Bd3 Bxd3+ 30. Kxd3 Rf8 31. a5 Rf6 32. Re7+ Rf7 33. Re6 Rc7
34. Rg6+ Kh7 35. Kd4 c5+ 36. Kxd5 c4 37. g5 hxg5 0-1

[Event "2. Bundesliga Ost 2007/2008"]
[Site "20-21.10.Bruck,30.11-2.12.Bade"]
[Date "2008.02.16"]
[Round "8.3"]
[White "Roman, Liviu-Valeriu"]
[Black "Stadler, Peter"]
[Result "0-1"]
[WhiteElo "1960"]
[BlackElo "2103"]
[PlyCount "96"]
[EventDate "2007.10.20"]

1. e4 c5 2. Nf3 e6 3. d4 cxd4 4. Nxd4 Nf6 5. Nc3 d6 6. Be3 a6 7. Be2 b5 8. Bf3
e5 9. Nde2 Be6 10. a3 Be7 11. Bg5 Nbd7 12. Ng3 h6 13. Be3 g6 14. Qd2 h5 15. Bg5
Qc7 16. Nf1 Rd8 17. Ne3 Nb6 18. O-O Ng8 19. Ned5 Bxd5 20. Nxd5 Nxd5 21. exd5
Bxg5 22. Qxg5 Qe7 23. Qe3 Qb7 24. a4 Ne7 25. axb5 Qxb5 26. Qd2 O-O 27. c3 Rb8
28. b4 Rfc8 29. Rfc1 Qc4 30. g3 Kg7 31. h4 e4 32. Be2 Qxd5 33. Qxd5 Nxd5 34.
Bxa6 Rxc3 35. Rxc3 Nxc3 36. Rc1 Rb6 37. Rxc3 Rxa6 38. b5 Ra1+ 39. Kg2 Rb1 40.
Rc6 d5 41. b6 d4 42. Rd6 d3 43. Rd4 f5 44. Rd7+ Kf6 45. b7 Ke6 46. Rg7 d2 47.
Rxg6+ Ke5 48. Rg8 d1=Q 0-1

[Event "2. Bundesliga Ost 2007/2008"]
[Site "20-21.10.Bruck,30.11-2.12.Bade"]
[Date "2008.02.16"]
[Round "8.4"]
[White "Schlosser, Michael"]
[Black "Hangweyrer, Manfred"]
[Result "1/2-1/2"]
[WhiteElo "2328"]
[BlackElo "2382"]
[PlyCount "39"]
[EventDate "2007.10.20"]

1. e4 c5 2. Nf3 Nc6 3. d4 cxd4 4. Nxd4 g6 5. c4 Nf6 6. Nc3 Nxd4 7. Qxd4 d6 8.
Be2 Bg7 9. Be3 O-O 10. Qd2 Bd7 11. O-O Bc6 12. f3 a5 13. Rab1 Nd7 14. b3 b6 15.
a3 Nc5 16. Nd5 Bxd5 17. Qxd5 Qc7 18. Rfd1 Rfd8 19. Qd2 e5 20. b4 1/2-1/2

[Event "2. Bundesliga Ost 2007/2008"]
[Site "20-21.10.Bruck,30.11-2.12.Bade"]
[Date "2008.02.16"]
[Round "8.4"]
[White "Pokorna, Regina"]
[Black "Pachta, Paul"]
[Result "1-0"]
[WhiteElo "2350"]
[BlackElo "2288"]
[PlyCount "77"]
[EventDate "2007.10.20"]

1. e4 c5 2. Nf3 d6 3. d4 cxd4 4. Nxd4 Nf6 5. Nc3 g6 6. Bc4 Bg7 7. O-O O-O 8.
Bb3 a6 9. Re1 b5 10. a4 b4 11. Nd5 e6 12. Nxf6+ Qxf6 13. Nf3 Qe7 14. a5 Nc6 15.
Bf4 Rd8 16. Bg5 Bf6 17. Qd2 Ne5 18. Nxe5 Bxg5 19. Nc6 Bxd2 20. Nxe7+ Kf8 21.
Nc6 Rd7 22. Re2 Bb7 23. Nd4 Bh6 24. Ra4 Bc1 25. Rxb4 Bxb2 26. Ba4 Rc7 27. Rxb2
Rc4 28. Nf3 Rxa4 29. Rxb7 Rxa5 30. h4 h6 31. Rd2 Ra1+ 32. Kh2 Ra4 33. Rxd6 Rxe4
34. Rdd7 Rf4 35. Ne5 Rxf2 36. Nf3 a5 37. Rxf7+ Kg8 38. Rg7+ Kf8 39. Rh7 1-0

[Event "2. Bundesliga Ost 2007/2008"]
[Site "20-21.10.Bruck,30.11-2.12.Bade"]
[Date "2008.02.16"]
[Round "8.4"]
[White "Hodisch, Juri"]
[Black "Druckenthaner, Andreas"]
[Result "1/2-1/2"]
[WhiteElo "2357"]
[BlackElo "2289"]
[PlyCount "112"]
[EventDate "2007.10.20"]

1. d4 d5 2. c4 c6 3. Nf3 Nf6 4. Nc3 dxc4 5. a4 a5 6. e4 Bg4 7. Bxc4 e6 8. Be3
Bb4 9. Qc2 Bxf3 10. gxf3 Qc7 11. O-O-O Nbd7 12. Rhg1 Qxh2 13. f4 Bxc3 14. bxc3
h5 15. Rxg7 Kf8 16. Rg5 Ng4 17. Qe2 Qg2 18. f5 e5 19. dxe5 Ndxe5 20. Bc5+ Ke8
21. Bd4 Qh2 22. Bb3 Qf4+ 23. Qd2 Qxd2+ 24. Rxd2 Nf3 25. Bxh8 Nxg5 26. Bd4 Nf3
27. Rd3 Nxd4 28. cxd4 Rd8 29. f3 Ne5 30. Rd1 Nxf3 31. d5 c5 32. Rh1 Ke7 33.
Rxh5 Kf6 34. Kb2 Ke5 35. d6 f6 36. Rh7 Rxd6 37. Bd5 Ng5 38. Re7+ Kd4 39. Bxb7
Rb6+ 40. Kc2 Nf3 41. Rd7+ Kc4 42. Bd5+ Kb4 43. Rc7 Ne5 44. Rc8 c4 45. Be6 Rb7
46. Rf8 Rg7 47. Rb8+ Kc5 48. Rb5+ Kd4 49. Rd5+ Kxe4 50. Rxa5 Rg2+ 51. Kc3 Rg3+
52. Kc2 Ra3 53. Kb2 Rb3+ 54. Kc2 Ra3 55. Kb2 Rh3 56. Kc2 Ra3 1/2-1/2

[Event "2. Bundesliga Ost 2007/2008"]
[Site "20-21.10.Bruck,30.11-2.12.Bade"]
[Date "2008.02.16"]
[Round "8.4"]
[White "Kwatschewsky, Leo"]
[Black "Wirius, Stefan"]
[Result "1/2-1/2"]
[WhiteElo "2216"]
[BlackElo "2281"]
[PlyCount "33"]
[EventDate "2007.10.20"]

1. d4 d6 2. e4 c6 3. Nf3 g6 4. c3 Bg7 5. Bd3 Nd7 6. O-O e5 7. Nbd2 Qc7 8. b3
Ngf6 9. Ba3 Bf8 10. Re1 a5 11. Bb2 Be7 12. a4 O-O 13. Bf1 Re8 14. Qc2 Bf8 15.
g3 Nb6 16. c4 Nbd7 17. c5 1/2-1/2

[Event "2. Bundesliga Ost 2007/2008"]
[Site "20-21.10.Bruck,30.11-2.12.Bade"]
[Date "2008.02.16"]
[Round "8.4"]
[White "Vitouch, Anatol"]
[Black "Poecksteiner, Johann"]
[Result "1-0"]
[WhiteElo "2211"]
[BlackElo "2161"]
[PlyCount "95"]
[EventDate "2007.10.20"]

1. Nf3 Nf6 2. g3 b6 3. Bg2 Bb7 4. O-O e6 5. c4 c5 6. b3 Be7 7. Bb2 O-O 8. e3 d5
9. Nc3 Ne4 10. cxd5 Nxc3 11. Bxc3 Bxd5 12. d4 Nc6 13. dxc5 Bxc5 14. Qe2 Be4 15.
Qb2 f6 16. b4 Be7 17. Rfd1 Qc7 18. Rac1 Qb7 19. Qb3 Nd8 20. Ne1 Bxg2 21. Nxg2
Re8 22. Nf4 Kf7 23. b5 Rc8 24. Bb4 Rxc1 25. Rxc1 Bxb4 26. Qxb4 Re7 27. Qc4 Rd7
28. e4 Qb8 29. Nd3 Qd6 30. Rc3 h5 31. h4 g5 32. hxg5 fxg5 33. Kg2 Kg7 34. f4
Nf7 35. Kf3 g4+ 36. Ke3 e5 37. Rc2 Qa3 38. Qc3 Qxc3 39. Rxc3 exf4+ 40. Nxf4 h4
41. gxh4 Rd1 42. Rc7 Kf6 43. Nd5+ Kg6 44. h5+ Kg7 45. Kf4 Rg1 46. Ne3 g3 47.
Nf5+ Kf6 48. Rc6+ 1-0

[Event "2. Bundesliga Ost 2007/2008"]
[Site "20-21.10.Bruck,30.11-2.12.Bade"]
[Date "2008.02.16"]
[Round "8.4"]
[White "Rogetzer, Klaus"]
[Black "Wirius, Johannes"]
[Result "1/2-1/2"]
[WhiteElo "2106"]
[BlackElo "2181"]
[PlyCount "31"]
[EventDate "2007.10.20"]

1. d4 e6 2. c4 d5 3. Nc3 Nf6 4. Bg5 Be7 5. cxd5 exd5 6. Qc2 c6 7. e3 Bg4 8. Bd3
Bh5 9. Nge2 Bg6 10. Ng3 Na6 11. a3 Bxd3 12. Qxd3 h6 13. Bf4 Nc7 14. Nf5 Ne6 15.
Be5 O-O 16. O-O 1/2-1/2

[Event "2. Bundesliga Ost 2007/2008"]
[Site "20-21.10.Bruck,30.11-2.12.Bade"]
[Date "2008.02.16"]
[Round "8.5"]
[White "Vlcek, Stanislav"]
[Black "Petran, Peter"]
[Result "1-0"]
[WhiteElo "2322"]
[BlackElo "2360"]
[PlyCount "143"]
[EventDate "2007.10.20"]

1. e4 g6 2. d4 Bg7 3. Nf3 d6 4. Nc3 Nf6 5. Be2 O-O 6. O-O Bg4 7. Be3 Nc6 8. Qd2
Nd7 9. h3 Bxf3 10. Bxf3 Nb6 11. b3 e5 12. Ne2 exd4 13. Nxd4 Nd7 14. Nxc6 bxc6
15. Rad1 Re8 16. Rfe1 a5 17. a4 Qf6 18. Bg4 Nf8 19. Bh6 Bxh6 20. Qxh6 Qc3 21.
Qd2 Qxd2 22. Rxd2 Rab8 23. h4 h5 24. Bh3 Rb4 25. Rde2 c5 26. e5 d5 27. e6 f5
28. Re5 Rd4 29. g3 Re7 30. Bg2 c6 31. c3 Rd3 32. c4 Rxb3 33. cxd5 cxd5 34. Bxd5
Rc3 35. Rb1 Kg7 36. Rb5 Nh7 37. Rxa5 Nf6 38. Bc6 c4 39. Rac5 Ng4 40. Re2 Kf6
41. Bd7 Rd3 42. Rxc4 Ne5 43. Rc7 Nxd7 44. Rxd7 Ra3 45. Rd4 Rxe6 46. Rxe6+ Kxe6
47. Kf1 Ra2 48. Kg2 Ra3 49. Rb4 Kf7 50. Rb7+ Kg8 51. Ra7 Kf8 52. a5 Kg8 53. a6
Kf8 54. Kf1 Ra2 55. Ke1 Kg8 56. Kd1 Kf8 57. Kc1 Ke8 58. Kb1 Ra5 59. Kb2 Kd8 60.
Kb3 Kc8 61. Kb4 Ra1 62. f4 Kb8 63. Rb7+ Ka8 64. Rb6 g5 65. hxg5 Rg1 66. Kc4
Rxg3 67. Kd4 Ra3 68. Ke5 Ra5+ 69. Kf6 h4 70. g6 Ra1 71. g7 Rg1 72. Kf7 1-0

[Event "2. Bundesliga Ost 2007/2008"]
[Site "20-21.10.Bruck,30.11-2.12.Bade"]
[Date "2008.02.16"]
[Round "8.5"]
[White "Brod, Manfred"]
[Black "Bachofner, Andreas"]
[Result "1/2-1/2"]
[WhiteElo "2198"]
[BlackElo "2246"]
[PlyCount "156"]
[EventDate "2007.10.20"]

1. e4 d5 2. exd5 Qxd5 3. Nc3 Qd6 4. d4 Nf6 5. Nf3 a6 6. g3 Nc6 7. Bf4 Qd8 8.
Bg2 Bg4 9. O-O e6 10. h3 Bxf3 11. Qxf3 Bd6 12. Rad1 Bxf4 13. Qxf4 O-O 14. d5
exd5 15. Nxd5 Nxd5 16. Bxd5 Qe7 17. Rfe1 Qb4 18. Qxb4 Nxb4 19. Bxb7 Rab8 20.
Be4 f5 21. Bd5+ Nxd5 22. Rxd5 Rxb2 23. Rd7 Kh8 24. Ree7 Rg8 25. Rxc7 Rxa2 26.
Rf7 a5 27. Rxf5 a4 28. Ra5 h6 29. h4 a3 30. Kg2 Rb8 31. h5 Ra1 32. Rc3 a2 33.
Rca3 Rc8 34. Rxa2 Rc1 35. Rf5 R1xc2 36. Ra7 R2c7 37. Rf7 Rxa7 38. Rxa7 Rc5 39.
g4 Kg8 40. Kg3 Rc4 41. f3 Rb4 42. Ra5 Kf7 43. Rf5+ Ke6 44. Rf8 Ke7 45. Rf4 Rb5
46. Re4+ Kf6 47. Kf4 Ra5 48. Rb4 Ra6 49. Ke4 Rd6 50. Rb5 Ra6 51. Rf5+ Ke6 52.
Kf4 Ra4+ 53. Kg3 Rb4 54. Rf4 Rb5 55. Kh4 Rb1 56. Ra4 Kf6 57. f4 Rh1+ 58. Kg3
Rg1+ 59. Kf3 Rf1+ 60. Ke2 Rg1 61. Ra6+ Kf7 62. Kf3 Re1 63. Ra5 Rg1 64. Ra7+ Kf8
65. Rb7 Kg8 66. Rb6 Kf7 67. Rg6 Re1 68. Ra6 Rg1 69. Ra2 Kf6 70. Rg2 Rf1+ 71.
Kg3 Ra1 72. Rb2 Rg1+ 73. Kf3 Kf7 74. Rb5 Kf6 75. Rb6+ Kf7 76. Rg6 Re1 77. Kf2
Re4 78. Kf3 Re1 1/2-1/2

[Event "2. Bundesliga Ost 2007/2008"]
[Site "20-21.10.Bruck,30.11-2.12.Bade"]
[Date "2008.02.16"]
[Round "8.5"]
[White "Koffler, Daniel"]
[Black "Riedner, Martin"]
[Result "1/2-1/2"]
[WhiteElo "2213"]
[BlackElo "2190"]
[PlyCount "100"]
[EventDate "2007.10.20"]

1. e4 e6 2. d4 d5 3. e5 b6 4. c3 Qd7 5. Nf3 Ne7 6. Na3 Ba6 7. Bxa6 Nxa6 8. Qd3
Nb8 9. Nc2 c5 10. b4 cxb4 11. cxb4 Nbc6 12. O-O Ng6 13. Bd2 Be7 14. Rfc1 O-O
15. Rab1 f6 16. b5 Nd8 17. Bb4 fxe5 18. Nxe5 Nxe5 19. dxe5 Bc5 20. Nd4 Rc8 21.
Bc3 Nf7 22. Nf3 Nh6 23. h3 Nf5 24. Rf1 h6 25. Nd4 Bxd4 26. Bxd4 Rc4 27. Be3 Qc7
28. Rfe1 Qf7 29. Rbc1 Re4 30. Bd2 Nh4 31. Qg3 Nf5 32. Qd3 Rd4 33. Qe2 Nh4 34.
Rc3 Qg6 35. Rg3 Qc2 36. Rxg7+ Kh8 37. Bxh6 Qxe2 38. Rxe2 Rd1+ 39. Kh2 Nf5 40.
Rg6 Rc8 41. Be3 d4 42. Bxd4 Nxd4 43. Re4 Kh7 44. Rf6 Rc7 45. Rh4+ Kg8 46. Rg4+
Rg7 47. Rgf4 Rd7 48. Rg4+ Rg7 49. Rgf4 Rd7 50. Rg4+ Rg7 1/2-1/2

[Event "2. Bundesliga Ost 2007/2008"]
[Site "20-21.10.Bruck,30.11-2.12.Bade"]
[Date "2008.02.16"]
[Round "8.5"]
[White "Salamon, Werner"]
[Black "Jirovec, Alfred"]
[Result "1-0"]
[WhiteElo "2147"]
[BlackElo "2112"]
[PlyCount "69"]
[EventDate "2007.10.20"]

1. e4 c5 2. Nf3 d6 3. Nc3 a6 4. a4 Nf6 5. d4 cxd4 6. Nxd4 e6 7. Be2 Be7 8. Be3
Qc7 9. O-O Nc6 10. Kh1 O-O 11. f4 Na5 12. Qe1 b6 13. Qg3 Bb7 14. e5 Ne4 15.
Nxe4 Bxe4 16. f5 exf5 17. Bh6 g6 18. Bxf8 Bxf8 19. c3 dxe5 20. Nxf5 Kh8 21. Ne3
f5 22. Rad1 Bg7 23. Nd5 Qb7 24. Bf3 Bxf3 25. Qxf3 Re8 26. Qf2 b5 27. axb5 axb5
28. Qh4 Nc4 29. b3 Na5 30. Nf6 Bxf6 31. Qxf6+ Kg8 32. Rd8 Qf7 33. Rxe8+ Qxe8
34. Ra1 Nc6 35. Ra6 1-0

[Event "2. Bundesliga Ost 2007/2008"]
[Site "20-21.10.Bruck,30.11-2.12.Bade"]
[Date "2008.02.16"]
[Round "8.5"]
[White "Bachofner, Christian"]
[Black "Savio, Alfred Jun"]
[Result "1/2-1/2"]
[WhiteElo "2098"]
[BlackElo "2045"]
[PlyCount "46"]
[EventDate "2007.10.20"]

1. e4 c5 2. Nf3 Nf6 3. Nc3 d5 4. Bb5+ Bd7 5. Bxd7+ Qxd7 6. e5 Ne4 7. d3 Nxc3 8.
bxc3 Nc6 9. d4 e6 10. O-O Be7 11. a4 O-O 12. Be3 cxd4 13. cxd4 Na5 14. Bd2 Nc4
15. c3 Rfc8 16. Qb3 b6 17. Rfc1 Qc6 18. h3 Na5 19. Qa2 Qc4 20. Qxc4 Rxc4 21.
Rcb1 Rac8 22. Be1 R4c7 23. Kf1 h6 1/2-1/2

[Event "2. Bundesliga Ost 2007/2008"]
[Site "20-21.10.Bruck,30.11-2.12.Bade"]
[Date "2008.02.16"]
[Round "8.5"]
[White "Wutzlhofer, Robert"]
[Black "Steinert, Martin"]
[Result "0-1"]
[WhiteElo "2063"]
[BlackElo "2046"]
[PlyCount "82"]
[EventDate "2007.10.20"]

1. d4 Nf6 2. c4 g6 3. Nc3 Bg7 4. e4 d6 5. f4 O-O 6. Nf3 c5 7. d5 e6 8. Be2 exd5
9. exd5 Na6 10. O-O Nc7 11. a4 Rb8 12. Bd3 a6 13. a5 b5 14. axb6 Rxb6 15. f5
Ng4 16. h3 Ne5 17. Nxe5 Bxe5 18. Qf3 Kg7 19. fxg6 hxg6 20. Ne4 Bf5 21. Ng5 f6
22. Ne4 Rb3 23. Qd1 Rb4 24. Nc3 Bxd3 25. Qxd3 f5 26. Ra4 Rxa4 27. Nxa4 Qh4 28.
b3 Qd4+ 29. Qxd4 Bxd4+ 30. Kh2 Re8 31. Bf4 Be5 32. Kg3 Kf6 33. Nb6 Bxf4+ 34.
Kxf4 g5+ 35. Kf3 f4 36. Kg4 Kg6 37. Rf3 Re2 38. g3 Ne8 39. gxf4 Nf6+ 40. Kg3
Nh5+ 41. Kg4 Rg2+ 0-1

[Event "2. Bundesliga Ost 2007/2008"]
[Site "20-21.10.Bruck,30.11-2.12.Bade"]
[Date "2008.02.16"]
[Round "8.6"]
[White "Kleiser, Gregor"]
[Black "Chytilek, Roman"]
[Result "0-1"]
[WhiteElo "2323"]
[BlackElo "2384"]
[PlyCount "88"]
[EventDate "2007.10.20"]

1. d4 Nf6 2. Nf3 c5 3. d5 b5 4. c4 b4 5. a3 g6 6. axb4 cxb4 7. Be3 a5 8. Bd4
Bg7 9. e4 O-O 10. Bd3 d6 11. O-O Bg4 12. Nbd2 Nfd7 13. Bxg7 Kxg7 14. h3 Bxf3
15. Nxf3 Qb6 16. Kh2 Na6 17. Bc2 Nac5 18. b3 e5 19. dxe6 Nxe6 20. Ra2 Ne5 21.
Nd2 Nc6 22. f4 Qd4 23. Kh1 Kg8 24. Qe1 Qc3 25. Rf3 Qf6 26. e5 dxe5 27. Ne4 Qg7
28. fxe5 Qxe5 29. Nf6+ Kg7 30. Qh4 h5 31. Be4 Rad8 32. Bd5 Ncd4 33. Rf1 Nf5 34.
Rxf5 Qxf5 35. Rf2 Qe5 36. Ne4 Qa1+ 37. Kh2 Qe5+ 38. Kh1 Nc7 39. Ng3 Nxd5 40.
Rf5 gxf5 41. Nxh5+ Kg6 42. cxd5 Rd6 43. Nf4+ Kg7 44. Qg3+ Kh7 0-1

[Event "2. Bundesliga Ost 2007/2008"]
[Site "20-21.10.Bruck,30.11-2.12.Bade"]
[Date "2008.02.16"]
[Round "8.6"]
[White "Groetz, Harald"]
[Black "Wukits, Rene"]
[Result "1-0"]
[WhiteElo "2321"]
[BlackElo "2302"]
[PlyCount "111"]
[EventDate "2007.10.20"]

1. e4 d6 2. d4 Nf6 3. Nc3 Nbd7 4. Nf3 e5 5. Bc4 Be7 6. O-O O-O 7. Re1 c6 8. a4
a5 9. b3 exd4 10. Qxd4 Nc5 11. h3 Nfd7 12. Bb2 Ne6 13. Bxe6 fxe6 14. e5 Rxf3
15. gxf3 Nxe5 16. Rxe5 dxe5 17. Qxd8+ Bxd8 18. Rd1 Bc7 19. Ne4 b5 20. c4 bxa4
21. bxa4 Rb8 22. Ba3 Rb3 23. Bd6 Bxd6 24. Rxd6 Rxf3 25. Nd2 Rf7 26. Nb3 Rd7 27.
Rxd7 Bxd7 28. c5 Kf7 29. Nxa5 e4 30. Nc4 Ke7 31. Nd6 Kd8 32. a5 Kc7 33. h4 Kb8
34. Nxe4 Ka7 35. f4 Ka6 36. Kf2 Kxa5 37. Ke3 h6 38. Kd4 Kb4 39. Nf2 e5+ 40.
fxe5 Bf5 41. h5 g5 42. hxg6 Bxg6 43. e6 h5 44. Nd3+ Kb5 45. Nf4 Be8 46. Ng2 Kb4
47. Nh4 Kb5 48. Nf5 Kb4 49. Ke5 Kxc5 50. Ng7 Bg6 51. Kf6 Kd6 52. Kxg6 Ke7 53.
Kf5 h4 54. Ke5 h3 55. Nf5+ Ke8 56. Kf6 1-0

[Event "2. Bundesliga Ost 2007/2008"]
[Site "20-21.10.Bruck,30.11-2.12.Bade"]
[Date "2008.02.16"]
[Round "8.6"]
[White "Schmid, Thomas"]
[Black "Schwaninger, Wolfgang"]
[Result "0-1"]
[WhiteElo "2181"]
[BlackElo "2175"]
[PlyCount "52"]
[EventDate "2007.10.20"]

1. e4 d6 2. d4 c6 3. Nc3 g6 4. f4 d5 5. e5 h5 6. Nf3 Bf5 7. Be3 e6 8. Be2 b5 9.
a4 b4 10. Nb1 a5 11. Nbd2 Nd7 12. O-O Nh6 13. h3 Be7 14. Rc1 c5 15. dxc5 Bxc5
16. Bxc5 Nxc5 17. Bb5+ Kf8 18. Nd4 Qb6 19. N2f3 Be4 20. Kh1 Bxf3 21. Rxf3 Ne4
22. Qd3 Rc8 23. Rd1 Qc5 24. g3 Nf5 25. Nxf5 gxf5 26. Kg2 Qxc2+ 0-1

[Event "2. Bundesliga Ost 2007/2008"]
[Site "20-21.10.Bruck,30.11-2.12.Bade"]
[Date "2008.02.16"]
[Round "8.6"]
[White "Sadilek, Maximilian"]
[Black "Ponjican, Erich"]
[Result "1/2-1/2"]
[WhiteElo "2156"]
[BlackElo "2191"]
[PlyCount "64"]
[EventDate "2007.10.20"]

1. Nf3 Nf6 2. d4 d5 3. e3 e6 4. Bd3 c5 5. c3 Nc6 6. O-O Be7 7. Nbd2 O-O 8. Qe2
Qc7 9. dxc5 Bxc5 10. e4 h6 11. h3 e5 12. exd5 Nxd5 13. Qe4 Nf6 14. Qh4 Be7 15.
Re1 Be6 16. Ne4 Nxe4 17. Qxe4 f5 18. Qe2 e4 19. Bc4 Bf7 20. Nh2 Bd6 21. Nf1
Rae8 22. Ne3 Ne5 23. Bxf7+ Qxf7 24. Rd1 Bc5 25. b4 Bb6 26. Nd5 Bd8 27. Be3 Nd3
28. Nf4 Nxf4 29. Bxf4 Bc7 30. Qe3 Bxf4 31. Qxf4 Rc8 32. Rac1 a6 1/2-1/2

[Event "2. Bundesliga Ost 2007/2008"]
[Site "20-21.10.Bruck,30.11-2.12.Bade"]
[Date "2008.02.17"]
[Round "9.1"]
[White "Chytilek, Roman"]
[Black "Georgiev, Kiril"]
[Result "0-1"]
[WhiteElo "2384"]
[BlackElo "2649"]
[PlyCount "68"]
[EventDate "2007.10.20"]

1. e4 c6 2. d4 d5 3. e5 Bf5 4. Nf3 e6 5. Be2 Nd7 6. Nbd2 h6 7. O-O Ne7 8. c3
Bh7 9. Ne1 c5 10. Nb3 c4 11. Nd2 b5 12. f4 b4 13. cxb4 Nc6 14. Ndf3 Bxb4 15.
Bd2 Rb8 16. Rf2 O-O 17. Bf1 Qa5 18. Be3 Rfc8 19. g4 c3 20. b3 Ba3 21. f5 Bb2
22. Rc1 Nb4 23. Bh3 Qxa2 24. fxe6 fxe6 25. g5 c2 26. Bxe6+ Kh8 27. Qe2 Bxc1 28.
Bxc1 Qa1 29. gxh6 Qxc1 30. hxg7+ Kxg7 31. Bxd7 Qd1 32. Qf1 c1=Q 33. e6 Rf8 34.
e7 Rxf3 0-1

[Event "2. Bundesliga Ost 2007/2008"]
[Site "20-21.10.Bruck,30.11-2.12.Bade"]
[Date "2008.02.17"]
[Round "9.1"]
[White "Chernin, Alexander"]
[Black "Groetz, Harald"]
[Result "1-0"]
[WhiteElo "2587"]
[BlackElo "2321"]
[PlyCount "127"]
[EventDate "2007.10.20"]

1. d4 d5 2. c4 c6 3. e3 Nf6 4. Nc3 a6 5. Nf3 b5 6. b3 Bg4 7. Bb2 e6 8. Be2 Bd6
9. h3 Bh5 10. O-O Nbd7 11. Ne5 Bxe2 12. Nxe2 Qc7 13. cxd5 cxd5 14. Rc1 Qb8 15.
Nxd7 Nxd7 16. e4 dxe4 17. d5 O-O 18. dxe6 Nc5 19. Qd4 Nxe6 20. Qxe4 Re8 21. Qf5
Nf4 22. Nxf4 Bxf4 23. Rc5 Re6 24. Rd1 Bd6 25. Rcd5 Qc7 26. Bxg7 Bh2+ 27. Kh1
Rae8 28. Bc3 Qxc3 29. Kxh2 Rf6 30. Qg5+ Rg6 31. Qh5 Ree6 32. R1d3 Qc2 33. Rd2
Qc7+ 34. g3 Re1 35. Qf3 Qe7 36. R5d4 Ree6 37. Rf4 Ref6 38. Rdd4 Rxf4 39. Rxf4
Re6 40. a4 bxa4 41. bxa4 Qe8 42. Qd5 Kg7 43. Qd4+ Kg8 44. Rf5 Qe7 45. Rd5 Qf6
46. Qg4+ Kf8 47. Rf5 Qe7 48. Rg5 Qb7 49. Rg8+ Ke7 50. Qh4+ Rf6 51. Rg4 Qb2 52.
Rf4 Ke6 53. Rxf6+ Qxf6 54. Qxf6+ Kxf6 55. g4 Ke5 56. Kg3 a5 57. f4+ Kd4 58. g5
Kc5 59. f5 Kb4 60. h4 Kxa4 61. h5 Kb3 62. g6 fxg6 63. fxg6 hxg6 64. h6 1-0

[Event "2. Bundesliga Ost 2007/2008"]
[Site "20-21.10.Bruck,30.11-2.12.Bade"]
[Date "2008.02.17"]
[Round "9.1"]
[White "Batyte, Daiva"]
[Black "Beim, Valeri"]
[Result "0-1"]
[WhiteElo "2198"]
[BlackElo "2523"]
[PlyCount "82"]
[EventDate "2007.10.20"]

1. g3 d5 2. Bg2 e5 3. c4 d4 4. d3 Nf6 5. Nf3 Nc6 6. O-O a5 7. b3 Be7 8. Nbd2
O-O 9. a3 h6 10. Rb1 Re8 11. b4 axb4 12. axb4 Bxb4 13. Nh4 Bf8 14. Ne4 Be7 15.
Nxf6+ Bxf6 16. Nf3 Nb8 17. Nd2 c6 18. Nb3 Nd7 19. Bd2 Bg5 20. Bb4 Qc7 21. Ra1
Rxa1 22. Qxa1 c5 23. Ba3 b6 24. Bb2 Bb7 25. Qa7 Rb8 26. Ra1 Qc8 27. Bxb7 Qxb7
28. Qxb7 Rxb7 29. Ra8+ Kh7 30. Ba3 f5 31. h4 Bf6 32. f3 g5 33. h5 Bg7 34. Kf2
Nf6 35. Nd2 Nxh5 36. g4 fxg4 37. fxg4 Rf7+ 38. Nf3 Nf6 39. Kg3 e4 40. Nd2 exd3
41. exd3 Re7 0-1

[Event "2. Bundesliga Ost 2007/2008"]
[Site "20-21.10.Bruck,30.11-2.12.Bade"]
[Date "2008.02.17"]
[Round "9.1"]
[White "Boros, Denes"]
[Black "Schirmbeck, Hannes"]
[Result "1-0"]
[WhiteElo "2460"]
[BlackElo "2162"]
[PlyCount "81"]
[EventDate "2007.10.20"]

1. e4 e5 2. Nf3 Nc6 3. Bb5 a6 4. Ba4 Nf6 5. O-O Be7 6. Qe2 b5 7. Bb3 d6 8. c3
O-O 9. h3 Na5 10. Bc2 c5 11. Rd1 Nc6 12. d4 Qc7 13. a4 b4 14. d5 Nb8 15. a5
bxc3 16. bxc3 Ne8 17. Nbd2 Bd7 18. Bd3 Ra7 19. Nh2 Bg5 20. Qh5 Bf4 21. g3 Bxd2
22. Bxd2 Rb7 23. c4 Qc8 24. g4 Qd8 25. Rab1 Ba4 26. Rf1 Rxb1 27. Rxb1 Qc7 28.
Qh4 f6 29. Qg3 g6 30. Bf1 Ng7 31. Qa3 Bd7 32. Qb3 f5 33. Qb6 Qxb6 34. Rxb6 fxe4
35. Be3 Rc8 36. Rxd6 Kf7 37. Bg2 Ba4 38. Bxe4 Ne8 39. Re6 Nf6 40. Bd3 Nfd7 41.
Nf3 1-0

[Event "2. Bundesliga Ost 2007/2008"]
[Site "20-21.10.Bruck,30.11-2.12.Bade"]
[Date "2008.02.17"]
[Round "9.1"]
[White "Sadilek, Maximilian"]
[Black "Mihok, Oliver"]
[Result "0-1"]
[WhiteElo "2156"]
[BlackElo "2371"]
[PlyCount "68"]
[EventDate "2007.10.20"]

1. e4 c5 2. Nf3 e6 3. d4 cxd4 4. Nxd4 Nf6 5. Nc3 d6 6. f4 Nc6 7. Nf3 Qb6 8. Bd3
a6 9. Qe2 Be7 10. Rb1 O-O 11. Be3 Qc7 12. O-O b5 13. a3 Re8 14. h3 Bb7 15. Qf2
Nd7 16. Ne2 Bf8 17. Ng3 g6 18. Ng5 Bg7 19. f5 exf5 20. Nxf5 gxf5 21. Qh4 Nf8
22. Rxf5 f6 23. Nxh7 Nxh7 24. e5 Nxe5 25. Rxe5 Rxe5 26. Qxh7+ Kf7 27. Bh6 Qc5+
28. Kh2 Rg5 29. Bxg5 Qxg5 30. Bf1 Re8 31. Qd3 Qf4+ 32. Kh1 Re3 33. Qh7 Qg3 34.
Rd1 Re2 0-1

[Event "2. Bundesliga Ost 2007/2008"]
[Site "20-21.10.Bruck,30.11-2.12.Bade"]
[Date "2008.02.17"]
[Round "9.2"]
[White "Brod, Manfred"]
[Black "Kleiser, Gregor"]
[Result "0-1"]
[WhiteElo "2198"]
[BlackElo "2323"]
[PlyCount "108"]
[EventDate "2007.10.20"]

1. e4 c5 2. Nf3 e6 3. d4 cxd4 4. Nxd4 a6 5. Bd3 d6 6. O-O Nf6 7. c4 Be7 8. Nc3
Bd7 9. b3 Nc6 10. Nf3 Qc7 11. Bf4 O-O 12. Rc1 Rfd8 13. h3 Rac8 14. Qe2 Ne5 15.
Bb1 Qb8 16. Nxe5 dxe5 17. Be3 b5 18. cxb5 axb5 19. Bd3 b4 20. Nb1 Bc6 21. Ba6
Rc7 22. f3 Be8 23. Rxc7 Qxc7 24. Rc1 Qa5 25. Bc4 Nd7 26. Bb5 h6 27. Rc2 Nf6 28.
Bxe8 Nxe8 29. Nd2 Bh4 30. Nc4 Qb5 31. Rd2 Ra8 32. Qd1 Bg3 33. Nb6 Rb8 34. Nc4
Qa6 35. Qa1 Qc6 36. Qd1 Qc8 37. Qa1 Nf6 38. Qd1 Kh7 39. Kf1 Qa6 40. Kg1 Qc8 41.
Kf1 Ra8 42. Kg1 Nh5 43. Qa1 Qc6 44. Qd1 Qe8 45. Qa1 Qc8 46. Nb6 Qc6 47. Nxa8
Qxa8 48. Qc1 Bf4 49. Rc2 Qa6 50. Bxf4 exf4 51. Qe1 Ng3 52. Rd2 e5 53. Rf2 Qd3
54. Qxb4 Qd1+ 0-1

[Event "2. Bundesliga Ost 2007/2008"]
[Site "20-21.10.Bruck,30.11-2.12.Bade"]
[Date "2008.02.17"]
[Round "9.2"]
[White "Wukits, Rene"]
[Black "Riedner, Martin"]
[Result "1-0"]
[WhiteElo "2302"]
[BlackElo "2190"]
[PlyCount "64"]
[EventDate "2007.10.20"]

1. d4 e6 2. c4 f5 3. g3 Nf6 4. Bg2 c6 5. Nh3 d5 6. O-O Be7 7. Qc2 O-O 8. Nd2
Ne4 9. Nf4 a5 10. Nf3 Na6 11. a3 g5 12. Nd3 Bd7 13. Nfe5 Be8 14. c5 h6 15. f3
Nf6 16. Bd2 b5 17. Rf2 Nb8 18. Bc3 Ra7 19. Raf1 Nh5 20. e4 f4 21. gxf4 gxf4 22.
Bh3 Ng7 23. Kh1 Bg5 24. Rg1 Kh7 25. Rfg2 Bh5 26. Bg4 Qe8 27. Nf2 Bf7 28. Qd2
Nh5 29. Nh3 b4 30. axb4 axb4 31. Bxb4 Nf6 32. Nxg5+ hxg5 1-0

[Event "2. Bundesliga Ost 2007/2008"]
[Site "20-21.10.Bruck,30.11-2.12.Bade"]
[Date "2008.02.17"]
[Round "9.2"]
[White "Salamon, Werner"]
[Black "Wallner, Alfred"]
[Result "1/2-1/2"]
[WhiteElo "2147"]
[BlackElo "2256"]
[PlyCount "33"]
[EventDate "2007.10.20"]

1. e4 c5 2. Nf3 d6 3. d4 Nf6 4. Nc3 cxd4 5. Nxd4 a6 6. a4 Nc6 7. Be2 e6 8. Be3
Be7 9. O-O O-O 10. Kh1 Qc7 11. f4 Nxd4 12. Bxd4 e5 13. Be3 exf4 14. Bxf4 Be6
15. Qd3 Rfd8 16. Qg3 Kh8 17. Rfd1 1/2-1/2